Quick Pick: Meryl Streep Oscar Noms Quiz Stats

 Plays Quiz not verified by Sporcle

Challenge
Share
Tweet
Embed
Score 0/21 Timer 02:00
0 Plays Today
% Correct
Margaret Thatcher
95.2%
Joanna Kramer
94.7%
Julia Child
94.7%
Florence Foster Jenkins
94.7%
Sophie Zawistowski
92.6%
Karen Silkwood
90.5%
Miranda Priestly
90.5%
The Witch
89.4%
Katharine Graham
86.2%
Sister Aloysius
83.6%
Karen Blixen
76.7%
% Correct
Francesca Johnson
63%
Violet Weston
62.4%
Susan Orlean
61.4%
Lindy Chamberlain
59.8%
Linda
59.3%
Sarah Woodruff & Anna
53.4%
Roberta Guaspari
51.3%
Suzanne Vale
49.7%
Helen Archer
47.1%
Kate Gulden
43.9%

You're not logged in!

Compare scores with friends on all Sporcle quizzes.
OR
Log In

You Might Also Like...

Show Comments

Extras

Top Quizzes Today


Score Distribution

Your Account Isn't Verified!

In order to create a playlist on Sporcle, you need to verify the email address you used during registration. Go to your Sporcle Settings to finish the process.

Report this User

Report this user for behavior that violates our Community Guidelines.

Details: